<?xml version="1.0" encoding="UTF-8"?>
<record
    xmlns:xsi="http://www.w3.org/2001/XMLSchema-instance"
    xsi:schemaLocation="http://www.loc.gov/MARC21/slim http://www.loc.gov/standards/marcxml/schema/MARC21slim.xsd"
    xmlns="http://www.loc.gov/MARC21/slim">

  <leader>01059nam a2200241Ia 4500</leader>
  <controlfield tag="001">IA_255,30/05/2001,02/09/2011,5232271993                          mx nmb 8223123322spa16,"</controlfield>
  <controlfield tag="002">106 h.</controlfield>
  <controlfield tag="008">220117s    xx            000 0 und d</controlfield>
  <datafield tag="010" ind1=" " ind2=" ">
    <subfield code="a">179687</subfield>
  </datafield>
  <datafield tag="090" ind1=" " ind2=" ">
    <subfield code="a">Tesis A44 1993</subfield>
  </datafield>
  <datafield tag="100" ind1=" " ind2=" ">
    <subfield code="a">Alejandro Fern&#xE1;ndez</subfield>
    <subfield code="9">147970</subfield>
  </datafield>
  <datafield tag="502" ind1=" " ind2=" ">
    <subfield code="a">Tesis (Ingeniero Agr&#xF3;nomo Especialista en Ingenier&#xED;a Agroindustrial) -- UACh. Departamento de Ingenier&#xED;a Agroindustrial</subfield>
  </datafield>
  <datafield tag="504" ind1=" " ind2=" ">
    <subfield code="a">Bibiliograf&#xED;a: h. 103-105</subfield>
  </datafield>
  <datafield tag="530" ind1=" " ind2=" ">
    <subfield code="a">Disponible en PDF</subfield>
  </datafield>
  <datafield tag="583" ind1=" " ind2=" ">
    <subfield code="a">2 ej. imp.</subfield>
  </datafield>
  <datafield tag="650" ind1=" " ind2=" ">
    <subfield code="a">Coffee beans</subfield>
    <subfield code="x">Entrepreneurship  </subfield>
    <subfield code="9">147971</subfield>
  </datafield>
  <datafield tag="650" ind1=" " ind2=" ">
    <subfield code="a">Coffee beans</subfield>
    <subfield code="x">Funding  </subfield>
    <subfield code="9">147972</subfield>
  </datafield>
  <datafield tag="650" ind1=" " ind2="0">
    <subfield code="a">Community development</subfield>
    <subfield code="z">Mexico</subfield>
    <subfield code="z">Veracruz</subfield>
    <subfield code="9">147973</subfield>
  </datafield>
  <datafield tag="650" ind1=" " ind2="0">
    <subfield code="a">Desarrollo comunitario</subfield>
    <subfield code="z">M&#xE9;xico</subfield>
    <subfield code="z">Veracruz  </subfield>
    <subfield code="9">147974</subfield>
  </datafield>
  <datafield tag="650" ind1=" " ind2=" ">
    <subfield code="a">Semillas de caf&#xE9;</subfield>
    <subfield code="x">Financiamiento  </subfield>
    <subfield code="9">147975</subfield>
  </datafield>
  <datafield tag="650" ind1=" " ind2=" ">
    <subfield code="a">Semillas de caf&#xE9;</subfield>
    <subfield code="x">Iniciativa empresarial  </subfield>
    <subfield code="9">147976</subfield>
  </datafield>
  <datafield tag="999" ind1=" " ind2=" ">
    <subfield code="c">179687</subfield>
    <subfield code="d">179687</subfield>
  </datafield>
</record>
